Umění politické strategie šest vůdčích postav moderního světa

Gespeichert in:
Bibliographische Detailangaben
1. Verfasser: Kissinger, Henry
Format: Buch
Sprache:Tschechisch
Veröffentlicht: Praha PROSTOR 2023
Ausgabe:1. vydání
Schlagworte:
Tags: Tag hinzufügen
Keine Tags, Fügen Sie das erste Tag hinzu!

MARC

LEADER 00000nam a2200000 4500
001 0295536
005 20240416114209.7
020 |a 978-80-7260-562-0 
041 0 |a cze 
044 |a CZ 
245 1 0 |a Umění politické strategie  |b šest vůdčích postav moderního světa  |c Henry Kissinger 
250 |a 1. vydání 
264 1 |a Praha  |b PROSTOR  |c 2023 
300 |a 551 s. 
610 2 0 |a politika medzinárodná 
610 2 0 |a politika zahraničná 
610 2 0 |a geopolitika 
610 2 0 |a vzťahy politické medzinárodné 
610 2 0 |a vodcovstvo 
610 2 0 |a lídri 
610 2 0 |a diplomacia 
610 2 0 |a konflikty medzinárodné 
610 2 0 |a reformy hospodárske 
610 2 0 |a história 
100 1 |a Kissinger, Henry